| Tag |
First Indicator |
Second Indicator |
Subfields |
| LEADER |
00000cam a2200000 4500 |
| 001 |
in00000056293 |
| 005 |
20151008052423.0 |
| 008 |
750912s1911 nyu b 00010beng |
| 010 |
|
|
|a 11018603
|
| 035 |
|
|
|a (OCoLC)01621632
|
| 035 |
|
|
|9 AAH3249AM
|
| 040 |
|
|
|a DLC
|c DZM
|d TXA
|d UtOrBLW
|
| 049 |
|
|
|a TXAM
|c [350155]
|
| 050 |
0 |
0 |
|a LB875
|b .C82
|
| 092 |
|
|
|a 371.1
|b C9763a, 1911
|
| 100 |
1 |
|
|a Alderman, Edwin Anderson,
|d 1861-1931.
|
| 245 |
1 |
0 |
|a J. L. M. Curry ;
|b a biography /
|c by Edwin Anderson Alderman and Armistead Churchill Gordon.
|
| 264 |
|
1 |
|a New York :
|b The Macmillan company;
|a London :
|b Macmillan & co., ltd.,
|c 1911.
|
| 336 |
|
|
|a text
|b txt
|2 rdacontent
|
| 337 |
|
|
|a unmediated
|b n
|2 rdamedia
|
| 338 |
|
|
|a volume
|b nc
|2 rdacarrier
|
| 504 |
|
|
|a Bibliography: pages 453-454.
|
| 600 |
1 |
0 |
|a Curry, J. L. M.
|q (Jabez Lamar Monroe),
|d 1825-1903.
|
| 700 |
1 |
|
|a Gordon, Armistead C.
|q (Armistead Churchill),
|d 1855-1931.
|
| 999 |
|
|
|a MARS
|
| 999 |
f |
f |
|s eb4e4743-d8f3-383b-b677-dc0ce7e9898f
|i 02605d52-687d-333e-aa44-8a2ec8b57f3e
|t 0
|
| 952 |
f |
f |
|p ric
|a Texas A&M University
|b Rellis Campus
|c Joint Library Facility
|d Remote Storage
|t 0
|e LB875 .C82
|h Library of Congress classification
|i unmediated -- volume
|m A14800829728
|
| 998 |
f |
f |
|a LB875 .C82
|t 0
|l Remote Storage
|